000 00686nam a22002057a 4500
999 _c164460
_d164460
005 20190521101805.0
010 _aB-161720
020 _a8190191268
_c00.00
035 _aB-161720
037 _bDBAD/PUB
082 _a616.462
100 _a Vijaya Kumar
245 _aDiabetics and Diet/
_c Vijaya Kumar
260 _aNew Delhi
_bLotus Press
_c2004
270 _a4263/3, Ansari road, Darya ganj,
_bNew Delhi
_e110002
_k30903912
_mlotuspress@sify.com
300 _av,144p.
_c22cm.(Hbk)
500 _aits inclued Glossary.
942 _2ddc
_cEN
_h616.462
_mVIJ